Normal view MARC view

Entry Personal Name

Number of records used in: 4

001 - CONTROL NUMBER

  • control field: 51114

003 - CONTROL NUMBER IDENTIFIER

  • control field: dpl

005 - DATE AND TIME OF LATEST TRANSACTION

  • control field: 20120816105544.0

008 - FIXED-LENGTH DATA ELEMENTS

  • fixed length control field: 120816|||a|||||| | ||| d

040 ## - CATALOGING SOURCE

  • Original cataloging agency: dpl
  • Transcribing agency: dpl

100 ## - HEADING--PERSONAL NAME

  • Personal name: Deshpande, Leena

670 ## - SOURCE DATA FOUND

  • Source citation: Work cat.: (dpl): Pande, Sunil P. 50971, A technical manual for water and wastewater analysis /, 2012

670 ## - SOURCE DATA FOUND

  • Source citation: Work cat.: (dpl): Pande, Sunil P. 50971, A technical manual for water and wastewater analysis /, 2012

© Delhi Public Library
Hit Counter
free hit counter